[Event "15th 4NCL Congress"]
[Site "Doncaster"]
[Date "2017.09.09"]
[Round "2.15"]
[White "Dean, Robert A"]
[Black "Parnian, Arya"]
[Result "1-0"]
[WhiteElo "1850"]
[BlackElo "1570"]
[PlyCount "67"]
[EventDate "2017.09.08"]

1. e4 e6 2. d4 d5 3. Nd2 Nf6 4. e5 Nfd7 5. Bd3 c5 6. c3 Nc6 7. Ne2 cxd4 8. cxd4
f6 9. exf6 Nxf6 10. Nf3 Bd6 11. O-O Qc7 12. h3 Ke7 13. Re1 Bd7 14. Nc3 a6 15.
Bg5 h6 16. Nxd5+ Kf7 17. Nxc7 Bxc7 18. Bd2 g5 19. Rc1 Rac8 20. Ne5+ Bxe5 21.
dxe5 Nd5 22. Qh5+ Ke7 23. Bc4 Nb6 24. Bb3 Rcg8 25. Bc3 Nc8 26. Rcd1 b5 27. Re4
Rg7 28. Bb4+ Nxb4 29. Rxb4 a5 30. Rbd4 Bc6 31. a3 Rgg8 32. Rc1 Bd7 33. Rxd7+
Kxd7 34. Qf7+ 1-0

[Event "15th 4NCL Congress"]
[Site "Doncaster"]
[Date "2017.09.09"]
[Round "2.16"]
[White "Raghavendra, Mahima G"]
[Black "Jacob, Sydney J"]
[Result "0-1"]
[WhiteElo "1562"]
[BlackElo "1838"]
[PlyCount "95"]
[EventDate "2017.09.08"]

1. e4 c5 2. Nc3 g6 3. g3 Nc6 4. Bg2 e5 5. d3 Bg7 6. f4 d6 7. Nge2 h5 8. h3 Nge7
9. Be3 b6 10. Rb1 Be6 11. Qd2 d5 12. exd5 Nxd5 13. O-O Qd7 14. Nxd5 Bxd5 15.
Bxd5 Qxd5 16. Nc3 Qd7 17. Qg2 O-O 18. Ne4 Rfe8 19. fxe5 Bxe5 20. Bg5 f5 21.
Nf6+ Bxf6 22. Bxf6 Re6 23. Bc3 Rae8 24. Rbe1 Nd4 25. Rxe6 Rxe6 26. Re1 Kf7 27.
Rxe6 Kxe6 28. Qf2 Qd5 29. a3 g5 30. Qe3+ Kd6 31. Kf2 Qe5 32. Bxd4 Qxd4 33. c3
Qxe3+ 34. Kxe3 Ke6 35. h4 f4+ 36. Kf3 fxg3 37. Kxg3 gxh4+ 38. Kxh4 Ke5 39. Kxh5
Kf4 40. b4 Ke3 41. bxc5 bxc5 42. d4 cxd4 43. cxd4 Kxd4 44. Kg4 Kc3 45. a4 Kb4
46. a5 Kxa5 47. Kf3 Kb4 48. Ke2 0-1

[Event "15th 4NCL Congress"]
[Site "Doncaster"]
[Date "2017.09.09"]
[Round "2.17"]
[White "Dunkley, Michael"]
[Black "Shenbagakumar, Gautham"]
[Result "0-1"]
[WhiteElo "1809"]
[BlackElo "1340"]
[PlyCount "62"]
[EventDate "2017.09.08"]

1. d4 d5 2. Nf3 Nf6 3. e3 e6 4. c4 dxc4 5. Bxc4 c5 6. O-O Be7 7. Qe2 O-O 8. Nc3
a6 9. a4 b6 10. Rd1 Qc7 11. e4 cxd4 12. Nxd4 Bd6 13. h3 Bd7 14. Bg5 Ne8 15. e5
Bxe5 16. Be7 Bxd4 17. Rxd4 Nc6 18. Rxd7 Qxd7 19. Bxf8 Kxf8 20. Bxa6 Nd4 21. Qd3
Nf6 22. Rd1 Rd8 23. Qe3 Qd6 24. Bc4 e5 25. Kh1 Qc5 26. b3 Re8 27. Ne4 Qc6 28.
Nxf6 Qxf6 29. Kg1 Qg6 30. Bd3 Qh5 31. Rc1 Qh4 0-1

[Event "15th 4NCL Congress"]
[Site "Doncaster"]
[Date "2017.09.09"]
[Round "2.19"]
[White "Robinson, Brian"]
[Black "Evans, Peter Michael"]
[Result "1/2-1/2"]
[WhiteElo "1581"]
[BlackElo "1906"]
[PlyCount "109"]
[EventDate "2017.09.08"]

1. d4 e6 2. Nf3 f5 3. Nc3 Nf6 4. Bg5 Bb4 5. Qd3 d5 6. O-O-O O-O 7. h3 Bxc3 8.
Qxc3 Ne4 9. Qe3 Nxg5 10. Qxg5 Qxg5+ 11. Nxg5 b6 12. e3 h6 13. Nf3 Ba6 14. Ne5
Bxf1 15. Rdxf1 c5 16. g4 Na6 17. Rhg1 Rac8 18. Kb1 Nb4 19. c3 Nc6 20. Nd3 Ne7
21. Nf4 Kf7 22. Nd3 Ke8 23. Ne5 f4 24. Nd3 Ng6 25. Kc2 Kd7 26. Kd2 c4 27. Ne5+
Nxe5 28. dxe5 g5 29. f3 fxe3+ 30. Kxe3 Rf4 31. Rf2 Kc6 32. h4 Rd8 33. Rd1 Kc5
34. Rd4 Rdf8 35. h5 b5 36. a3 a5 37. Rxf4 gxf4+ 38. Kd2 d4 39. cxd4+ Kxd4 40.
Re2 Kc5 41. Re4 b4 42. axb4+ axb4 43. Kc2 Kd5 44. b3 Ra8 45. bxc4+ Kc5 46. Rxf4
Ra2+ 47. Kb3 Ra3+ 48. Kb2 Re3 49. Rf6 Kxc4 50. Rxe6 Re2+ 51. Kc1 b3 52. Rc6+
Kd5 53. Rb6 Kc4 54. Rc6+ Kd5 55. Rb6 1/2-1/2

[Event "15th 4NCL Congress"]
[Site "Doncaster"]
[Date "2017.09.09"]
[Round "2.21"]
[White "David, Ivan"]
[Black "May, Paul"]
[Result "1-0"]
[WhiteElo "1857"]
[BlackElo "1741"]
[PlyCount "103"]
[EventDate "2017.09.08"]

1. d4 g6 2. c4 Bg7 3. Nc3 c5 4. d5 Bxc3+ 5. bxc3 f5 6. Qc2 d6 7. Nf3 Nf6 8. e3
e5 9. dxe6 Bxe6 10. Ng5 Bd7 11. Bd3 Nc6 12. O-O Ne5 13. Be2 h6 14. Nf3 Qe7 15.
Nd2 Bc6 16. f3 Neg4 17. fxg4 Qxe3+ 18. Rf2 O-O-O 19. gxf5 g5 20. Qd3 Qe5 21.
Bf3 Bd7 22. Re2 Bxf5 23. Rxe5 Bxd3 24. Re3 Bf5 25. Ba3 g4 26. Bd5 Rde8 27. Rae1
h5 28. Be6+ Bxe6 29. Rxe6 Kd7 30. Rxe8 Nxe8 31. Ne4 Rf8 32. Rd1 Kc6 33. Bc1 Rf7
34. Bg5 Rd7 35. Nf6 Nxf6 36. Bxf6 Rf7 37. Bh4 Kd7 38. Bg3 Rf6 39. Rd5 Rh6 40.
Bf4 Rf6 41. g3 h4 42. Rxd6+ Rxd6 43. Bxd6 Kxd6 44. gxh4 Ke5 45. Kf2 Kf4 46. Kg2
a6 47. a4 b6 48. Kf2 Ke4 49. Kg3 Kf5 50. h5 Kg5 51. h6 Kxh6 52. Kxg4 1-0

[Event "15th 4NCL Congress"]
[Site "Doncaster"]
[Date "2017.09.09"]
[Round "2.23"]
[White "Nandi, Robin J"]
[Black "Ross, Stuart"]
[Result "0-1"]
[WhiteElo "1818"]
[BlackElo "1641"]
[PlyCount "82"]
[EventDate "2017.09.08"]

1. d4 d5 2. c4 c6 3. Nf3 Nf6 4. g3 e6 5. Bg2 Nbd7 6. O-O Bd6 7. Nfd2 O-O 8. Nc3
Re8 9. e4 dxe4 10. Ndxe4 Bc7 11. b3 e5 12. d5 cxd5 13. cxd5 Nxe4 14. Nxe4 Nf6
15. Bg5 Bd6 16. Qf3 Bg4 17. Nxf6+ gxf6 18. Qxg4 fxg5 19. Qf5 Kg7 20. Be4 Rh8
21. Rac1 Qf6 22. g4 h5 23. Rc3 hxg4 24. Qxg4 Rh4 25. Qf5 Rah8 26. h3 Qxf5 27.
Bxf5 Rd4 28. Rd3 Rxd3 29. Bxd3 Rxh3 30. Be4 Rh4 31. f3 Bc5+ 32. Kg2 Rf4 33. Bd3
f5 34. Re1 Kf6 35. a4 g4 36. fxg4 Rxg4+ 37. Kf1 Rg1+ 38. Ke2 Rxe1+ 39. Kxe1 e4
40. Bc4 Ke5 41. Kd2 f4 0-1

[Event "15th 4NCL Congress"]
[Site "Doncaster"]
[Date "2017.09.09"]
[Round "2.24"]
[White "Obi, Marc On"]
[Black "Brown, Geoffrey D"]
[Result "1-0"]
[WhiteElo "1802"]
[BlackElo "1555"]
[PlyCount "69"]
[EventDate "2017.09.08"]

1. d4 g6 2. c4 Bg7 3. g3 c5 4. d5 d6 5. Nc3 Na6 6. Nf3 Nf6 7. Bg2 O-O 8. O-O
Rb8 9. h3 Nc7 10. a4 a6 11. a5 Bd7 12. Re1 b5 13. axb6 Rxb6 14. e4 Qc8 15. Kh2
h5 16. e5 Nh7 17. Ra2 Qb8 18. Qe2 e6 19. exd6 Ne8 20. Ne5 Bxe5 21. Qxe5 Nxd6
22. Bh6 f6 23. Qe2 Re8 24. Be3 h4 25. Bxc5 hxg3+ 26. fxg3 exd5 27. Bxd5+ Kg7
28. Qf2 Rxe1 29. Bxb6 Re5 30. Rxa6 Nc8 31. Bd4 Rf5 32. Qd2 Ng5 33. Rxf6 Rxf6
34. Qxg5 Qxb2+ 35. Bg2 1-0

[Event "15th 4NCL Congress"]
[Site "Doncaster"]
[Date "2017.09.08"]
[Round "1.1"]
[White "Jacob, Sydney J"]
[Black "Pollock, Andy"]
[Result "1/2-1/2"]
[WhiteElo "1838"]
[BlackElo "1964"]
[PlyCount "100"]
[EventDate "2017.09.08"]

1. d4 d5 2. c4 c6 3. cxd5 cxd5 4. Nc3 Nf6 5. Bf4 Nc6 6. e3 Bf5 7. Bd3 Bxd3 8.
Qxd3 e6 9. h3 Bd6 10. Bxd6 Qxd6 11. Nf3 O-O 12. O-O Rfc8 13. Rfc1 a6 14. a3 Na5
15. Nd2 Nc4 16. Nxc4 dxc4 17. Qc2 b5 18. Ne4 Nxe4 19. Qxe4 Rab8 20. Rc2 a5 21.
Rac1 Qd5 22. Qd3 e5 23. Qf5 Re8 24. a4 g6 25. Qg5 h6 26. Qxh6 exd4 27. exd4
bxa4 28. Rxc4 Rxb2 29. Rxa4 Rb4 30. Rxb4 axb4 31. Qd2 b3 32. Rc5 Qb7 33. Qb2
Ra8 34. Rc3 Rb8 35. Kh2 Qb4 36. g3 Qa4 37. d5 Qa2 38. Qxa2 bxa2 39. Ra3 Rb2 40.
Kg2 Kf8 41. d6 Ke8 42. Ra7 Rd2 43. h4 Rxd6 44. Rxa2 Rd5 45. Ra7 Kf8 46. g4 Kg7
47. Kg3 Rb5 48. Rd7 Ra5 49. Kf4 Ra4+ 50. Kg3 Ra5 1/2-1/2

[Event "15th 4NCL Congress"]
[Site "Doncaster"]
[Date "2017.09.08"]
[Round "1.2"]
[White "Bennett, Dominic L"]
[Black "Tinker, Chris R"]
[Result "1-0"]
[WhiteElo "1962"]
[BlackElo "1829"]
[PlyCount "53"]
[EventDate "2017.09.08"]

1. d4 Nf6 2. Nf3 e6 3. g3 c5 4. c4 g6 5. Bg2 Bg7 6. O-O cxd4 7. Nxd4 Nc6 8. Nb5
O-O 9. N1c3 a6 10. Nd6 Ne8 11. Rb1 Nxd6 12. Qxd6 Qe7 13. Ne4 Be5 14. Qxe7 Nxe7
15. Bh6 Bg7 16. Bxg7 Kxg7 17. Nd6 Rb8 18. Rfd1 Rd8 19. Rd2 b5 20. c5 b4 21. c6
dxc6 22. Nf5+ gxf5 23. Rxd8 a5 24. Re8 Kf6 25. Rd1 Rb6 26. e4 c5 27. e5+ 1-0

[Event "15th 4NCL Congress"]
[Site "Doncaster"]
[Date "2017.09.08"]
[Round "1.3"]
[White "Cawston, M John"]
[Black "Nwachukwu, Chino"]
[Result "1-0"]
[WhiteElo "1821"]
[BlackElo "1893"]
[PlyCount "61"]
[EventDate "2017.09.08"]

1. Nf3 Nf6 2. d4 g6 3. g3 Bg7 4. Bg2 O-O 5. c4 c6 6. O-O d5 7. Nbd2 Nbd7 8. Qc2
Re8 9. Rd1 Nb6 10. cxd5 cxd5 11. Ne5 Bf5 12. Qb3 Rc8 13. Nd3 Bg4 14. Nf3 Bd7
15. Nc5 Rxc5 16. dxc5 Ba4 17. Qd3 Bxd1 18. cxb6 Ba4 19. bxa7 e5 20. Qa3 Bd7 21.
Nxe5 Bf8 22. a8=Q Bc8 23. Qc3 Qe7 24. Bg5 h6 25. Bxf6 Qxf6 26. Nf3 Qf5 27. Nd4
Qd7 28. Qaa5 Bg7 29. e3 Rd8 30. Rc1 Qe8 31. Qxd8 1-0

[Event "15th 4NCL Congress"]
[Site "Doncaster"]
[Date "2017.09.08"]
[Round "1.4"]
[White "Ter-Gevorkian, Aram"]
[Black "Nandi, Robin J"]
[Result "1-0"]
[WhiteElo "1922"]
[BlackElo "1818"]
[PlyCount "75"]
[EventDate "2017.09.08"]

1. e4 e6 2. d4 d5 3. Nc3 Nf6 4. Bg5 Bb4 5. e5 h6 6. Bd2 Bxc3 7. bxc3 Ne4 8. Bd3
Nxd2 9. Qxd2 c5 10. Nf3 c4 11. Be2 Qa5 12. a3 Bd7 13. O-O Ba4 14. Rfb1 b6 15.
h4 Nc6 16. Ne1 O-O-O 17. Rb4 Rhf8 18. Bg4 Nxb4 19. axb4 Qb5 20. Qc1 Qc6 21. b5
Bxb5 22. Rxa7 Rd7 23. Qa3 Rxa7 24. Qxf8+ Qe8 25. Qxg7 Ra3 26. Qxh6 Qg8 27. Qc1
Ra5 28. Bh3 Qh7 29. Nf3 Ra2 30. Qf4 Be8 31. Ng5 Qxc2 32. Nxf7 Bd7 33. Nd6+ Kc7
34. Qf7 Qc1+ 35. Kh2 Rxf2 36. Qxf2 Qxc3 37. Qf7 Qb3 38. Bxe6 1-0

[Event "15th 4NCL Congress"]
[Site "Doncaster"]
[Date "2017.09.08"]
[Round "1.6"]
[White "Whitehead, Mark A"]
[Black "Obi, Marc On"]
[Result "1-0"]
[WhiteElo "1908"]
[BlackElo "1802"]
[PlyCount "131"]
[EventDate "2017.09.08"]

1. e4 g6 2. Nc3 Bg7 3. g3 d6 4. Bg2 Nf6 5. Nge2 Nbd7 6. O-O c5 7. d3 Rb8 8. f4
b5 9. Qe1 e6 10. h3 b4 11. Nd1 Bb7 12. g4 Qc7 13. Ng3 h6 14. Ne3 O-O 15. g5
hxg5 16. fxg5 Nh7 17. Ng4 f6 18. Nh6+ Kh8 19. h4 Nb6 20. Bh3 fxg5 21. hxg5
Rxf1+ 22. Nxf1 Qe7 23. Qg3 Be5 24. Qg4 Re8 25. Nh2 Bd4+ 26. Kh1 d5 27. Nf3 Bg7
28. Nh4 Nf8 29. a3 dxe4 30. dxe4 Rd8 31. axb4 cxb4 32. Bg2 a6 33. Qf4 Rd1+ 34.
Kh2 Nc4 35. Kh3 Kh7 36. Bf3 Re1 37. Ng2 Rh1+ 38. Kg4 Ne5+ 39. Kg3 Nc4 40. Kg4
e5 41. Qf7 Qxf7 42. Nxf7 Nd2 43. Nd6 Nxf3 44. Kxf3 Bc6 45. Rxa6 Bxe4+ 46. Nxe4
Rxc1 47. Ne3 Nd7 48. Ra7 Nb6 49. Rb7 Na4 50. Nf6+ Kh8 51. Rb8+ Bf8 52. Rxf8+
Kg7 53. Rb8 Nxb2 54. Rxb4 Nd1 55. Rb7+ Kf8 56. Ned5 Rxc2 57. Nh7+ Ke8 58. Ndf6+
Kd8 59. Rd7+ Kc8 60. Rxd1 Kc7 61. Nf8 Rc3+ 62. Ke4 Rg3 63. Ne6+ Kc6 64. Kxe5
Re3+ 65. Ne4 Re2 66. Nd4+ 1-0

[Event "15th 4NCL Congress"]
[Site "Doncaster"]
[Date "2017.09.08"]
[Round "1.7"]
[White "Holi, Siefaldin A"]
[Black "Evans, Peter Michael"]
[Result "1-0"]
[WhiteElo "1754"]
[BlackElo "1906"]
[PlyCount "59"]
[EventDate "2017.09.08"]

1. e4 e6 2. d4 d5 3. e5 c5 4. c3 Nc6 5. Nf3 Bd7 6. Be3 Qb6 7. Qd2 f6 8. Be2 Rc8
9. O-O cxd4 10. cxd4 fxe5 11. dxe5 Bc5 12. Nc3 Bxe3 13. fxe3 Nge7 14. Bd3 O-O
15. Qf2 h6 16. Na4 Qb4 17. Bc2 Nxe5 18. Nc3 Kh8 19. Rab1 Rf6 20. Qg3 Nxf3+ 21.
Rxf3 Rcf8 22. Rxf6 Rxf6 23. Qb8+ Nc8 24. Qc7 Qd6 25. Qxb7 Rf8 26. Re1 Bc6 27.
Qa6 Qd7 28. Qd3 Kg8 29. Qh7+ Kf7 30. Bg6+ 1-0

[Event "15th 4NCL Congress"]
[Site "Doncaster"]
[Date "2017.09.08"]
[Round "1.11"]
[White "May, Paul"]
[Black "Potter, Steven"]
[Result "0-1"]
[WhiteElo "1741"]
[BlackElo "1874"]
[PlyCount "94"]
[EventDate "2017.09.08"]

1. d4 e6 2. c4 b6 3. Nc3 Bb4 4. f3 f5 5. a3 Bxc3+ 6. bxc3 Bb7 7. Nh3 h6 8. e3
Qh4+ 9. g3 Qh5 10. Bg2 Nf6 11. Nf4 Qf7 12. O-O O-O 13. Nd3 d6 14. e4 Nbd7 15.
e5 dxe5 16. dxe5 Nh7 17. a4 Rfd8 18. Qe2 a5 19. Ba3 Nhf8 20. f4 Bxg2 21. Kxg2
Qe8 22. c5 Nxc5 23. Nxc5 bxc5 24. Qb5 Rd2+ 25. Rf2 Qd8 26. Qxc5 Rxf2+ 27. Qxf2
Qd5+ 28. Kg1 Rd8 29. Qe2 Ng6 30. Qa2 Qc6 31. Qc2 Qf3 32. Rf1 Qe3+ 33. Rf2 h5
34. Bc1 Qc5 35. Qb3 Kf7 36. c4 h4 37. Be3 Qc6 38. Qc2 Rh8 39. g4 Ne7 40. g5 h3
41. Kf1 Rb8 42. Ke2 Rb4 43. c5 g6 44. Rf3 Rxa4 45. Rxh3 Qg2+ 46. Bf2 Qg4+ 47.
Rf3 Re4+ 0-1

[Event "15th 4NCL Congress"]
[Site "Doncaster"]
[Date "2017.09.08"]
[Round "1.13"]
[White "Mahoney, Nicholas"]
[Black "Mort, Andrew J"]
[Result "1/2-1/2"]
[WhiteElo "1711"]
[BlackElo "1862"]
[PlyCount "64"]
[EventDate "2017.09.08"]

1. d4 f5 2. Nc3 Nf6 3. Bg5 e6 4. Bxf6 Qxf6 5. e4 Bb4 6. exf5 exf5 7. Bc4 c6 8.
Qe2+ Qe7 9. Qxe7+ Kxe7 10. Nf3 d5 11. Bd3 Na6 12. O-O Bd7 13. Rfe1+ Kf6 14. a3
Bd6 15. Ne5 Be6 16. Bxa6 bxa6 17. Nxc6 Rhc8 18. Nb4 Rc4 19. Ncxd5+ Kf7 20. c3
a5 21. Ne3 axb4 22. d5 Bxd5 23. Nxd5 bxa3 24. b4 Rd8 25. Rxa3 Bb8 26. Ne3 Re4
27. Rb1 g6 28. g3 Rd7 29. c4 f4 30. gxf4 Rxf4 31. Ra2 Rh4 32. c5 Bxh2+ 1/2-1/2

[Event "15th 4NCL Congress"]
[Site "Doncaster"]
[Date "2017.09.08"]
[Round "1.14"]
[White "Wilson, Kevin J"]
[Black "Ross, Stuart"]
[Result "1-0"]
[WhiteElo "1859"]
[BlackElo "1641"]
[PlyCount "39"]
[EventDate "2017.09.08"]

1. d4 d5 2. Bf4 Nf6 3. e3 c5 4. c3 e6 5. Nd2 Nc6 6. Bd3 b6 7. Qe2 Bd6 8. Bg3
O-O 9. Ngf3 Bb7 10. Rd1 cxd4 11. cxd4 Nb4 12. a3 Nxd3+ 13. Qxd3 Ne4 14. Bxd6
Qxd6 15. O-O a5 16. Rfe1 Ba6 17. Nxe4 Qxh2+ 18. Nxh2 Bxd3 19. Rxd3 dxe4 20. Rc3
1-0

[Event "15th 4NCL Congress"]
[Site "Doncaster"]
[Date "2017.09.08"]
[Round "1.15"]
[White "Wiratunga, Ishan Vh"]
[Black "David, Ivan"]
[Result "1-0"]
[WhiteElo "1619"]
[BlackElo "1857"]
[PlyCount "91"]
[EventDate "2017.09.08"]

1. d4 d6 2. Nf3 Nf6 3. Bg5 Nbd7 4. Nbd2 e5 5. c3 Be7 6. e4 c6 7. Qc2 Qc7 8. h3
a6 9. Be2 b6 10. Bh4 Bb7 11. O-O h6 12. dxe5 dxe5 13. Rad1 b5 14. c4 Rc8 15.
Nb3 O-O 16. c5 Rfe8 17. Ra1 Bf8 18. Nfd2 g5 19. Bg3 Bg7 20. Rfe1 Nf8 21. Nd4
Ng6 22. Nf5 Bf8 23. b4 Rcd8 24. Nf1 Bc8 25. N1e3 Nf4 26. Bf1 Kh7 27. f3 N6h5
28. Bf2 Ng7 29. Ng4 Re6 30. g3 Nfh5 31. Nfe3 Rg6 32. Red1 Re8 33. a4 Ne6 34.
Nf5 Nhg7 35. axb5 axb5 36. Qc3 f6 37. Rd2 h5 38. Nge3 Nd4 39. Nxd4 exd4 40.
Rxd4 g4 41. hxg4 hxg4 42. fxg4 Ne6 43. Rd2 Ng7 44. Bg2 Qe7 45. Nf5 Kg8 46.
Nxe7+ 1-0

[Event "15th 4NCL Congress"]
[Site "Doncaster"]
[Date "2017.09.08"]
[Round "1.16"]
[White "Ruane, Brendan J"]
[Black "Robinson, Brian"]
[Result "1/2-1/2"]
[WhiteElo "1857"]
[BlackElo "1581"]
[PlyCount "99"]
[EventDate "2017.09.08"]

1. Nc3 Nf6 2. e4 d6 3. d4 e5 4. Nf3 Nbd7 5. Bc4 h6 6. h3 Be7 7. Be3 b6 8. O-O
O-O 9. Qe2 Bb7 10. d5 Nc5 11. Nd2 a5 12. a3 Na6 13. Rab1 Qc8 14. Rfd1 c5 15.
Nf1 Nh7 16. Bd2 Nc7 17. Ne3 Rd8 18. Nf5 Bf6 19. Qg4 Kh8 20. Qg3 Qd7 21. a4 Rg8
22. Nb5 Nxb5 23. Bxb5 Qd8 24. Bc3 Bc8 25. Bc6 Rb8 26. Ne3 Bh4 27. Qh2 Ba6 28.
Nf5 Bf6 29. Ra1 Bc8 30. Ne3 Bh4 31. Nc4 Ba6 32. Bb5 Bxb5 33. axb5 Be7 34. Qg3
Qd7 35. Qd3 Nf6 36. Re1 Nh5 37. Qf3 Nf6 38. Na3 Nh7 39. Rad1 Ng5 40. Qd3 Rbf8
41. Rf1 f5 42. f3 f4 43. Kh2 Nh7 44. Nc4 Rb8 45. b3 Bh4 46. Rh1 Nf6 47. Be1
Bxe1 48. Rhxe1 Nh5 49. Nd2 Qe7 50. Nf1 1/2-1/2

[Event "15th 4NCL Congress"]
[Site "Doncaster"]
[Date "2017.09.08"]
[Round "1.17"]
[White "Brown, Geoffrey D"]
[Black "Taylor, Robert P"]
[Result "0-1"]
[WhiteElo "1555"]
[BlackElo "1854"]
[PlyCount "62"]
[EventDate "2017.09.08"]

1. b3 d5 2. Bb2 Bf5 3. e3 e6 4. f4 Nf6 5. Nf3 Nbd7 6. Be2 Bd6 7. O-O c6 8. d3
Qb6 9. Nd4 h5 10. Nxf5 exf5 11. d4 Ng4 12. Bxg4 hxg4 13. Nd2 c5 14. c4 cxd4 15.
exd4 Bb4 16. cxd5 Qh6 17. Qe2+ Kf8 18. g3 Nf6 19. Rf2 Re8 20. Qb5 Bxd2 21. Rxd2
Re3 22. Qc5+ Kg8 23. Qc8+ Ne8 24. Rg2 Qf6 25. Qxb7 Nd6 26. Qxa7 Kh7 27. Kf1
Rhe8 28. Qa5 Qe7 29. Qd2 Qe4 30. Rd1 Qf3+ 31. Kg1 Re2 0-1

[Event "15th 4NCL Congress"]
[Site "Doncaster"]
[Date "2017.09.08"]
[Round "1.18"]
[White "Gibbs, Dominic V"]
[Black "Frith, Shane S"]
[Result "1-0"]
[WhiteElo "1840"]
[BlackElo "1539"]
[PlyCount "121"]
[EventDate "2017.09.08"]

1. e4 c5 2. Nc3 e6 3. Nf3 a6 4. d4 cxd4 5. Nxd4 Qc7 6. Bd3 Nc6 7. Nb3 Nf6 8.
O-O Be7 9. f4 d6 10. Be3 b5 11. a3 O-O 12. Be2 Bb7 13. Bf3 Rad8 14. Qe1 d5 15.
Qf2 d4 16. Nxd4 Nxd4 17. Kh1 Nxf3 18. Bb6 Rd2 19. Bxc7 Rxf2 20. Rxf2 Nd4 21.
Rd1 Nc6 22. Bb6 b4 23. axb4 Nxb4 24. Re2 Rc8 25. h3 h5 26. Kh2 Rc4 27. Rd4 Rxd4
28. Bxd4 Nd7 29. Kg3 Bc6 30. Kf2 a5 31. b3 Na6 32. Ke3 Nac5 33. g3 Nf6 34. e5
Nfe4 35. Nxe4 Nxe4 36. g4 h4 37. Re1 Bd8 38. Rd1 Bc7 39. Ba7 Nc3 40. Rd3 Nb5
41. Bc5 Bg2 42. c4 Bxh3 43. cxb5 Bxg4 44. Kf2 f6 45. b6 Bxb6 46. Bxb6 fxe5 47.
fxe5 Bf5 48. Rd8+ Kf7 49. Bxa5 g5 50. Bd2 g4 51. Rh8 h3 52. Kg3 Kg7 53. Rd8 Kg6
54. b4 Kf7 55. b5 h2 56. Kxh2 Be4 57. b6 Kg6 58. Kg3 Kf5 59. Bc3 Bc6 60. Rc8
Bd5 61. Rc7 1-0

[Event "15th 4NCL Congress"]
[Site "Doncaster"]
[Date "2017.09.10"]
[Round "4.1"]
[White "Wiratunga, Ishan Vh"]
[Black "Burrows, Nick"]
[Result "0-1"]
[WhiteElo "1619"]
[BlackElo "1888"]
[PlyCount "90"]
[EventDate "2017.09.08"]

1. e4 c6 2. d4 d5 3. exd5 cxd5 4. c4 Nf6 5. Nc3 Nc6 6. Be3 g6 7. Nf3 Bg7 8. Be2
O-O 9. O-O Re8 10. Ne5 Be6 11. Bf3 Rc8 12. Qa4 dxc4 13. Nxc6 bxc6 14. Bxc6 Bd7
15. d5 Bxc6 16. dxc6 Qc7 17. Qxc4 a5 18. Qa4 Qxc6 19. Qxa5 Ng4 20. Bf4 Ra8 21.
Qb4 e5 22. Bg3 f5 23. a4 Rab8 24. Qa3 f4 25. Bh4 g5 26. Bxg5 Qg6 27. Bh4 Qh5
28. h3 Qxh4 29. hxg4 f3 30. Ne4 fxg2 31. Kxg2 Qxg4+ 32. Ng3 e4 33. Qa2+ Kh8 34.
Qf7 Re5 35. Ra3 Rf8 36. Qb3 e3 37. f4 e2 38. Re1 Qxf4 39. Rxe2 Rxe2+ 40. Nxe2
Qf2+ 41. Kh3 Qf1+ 42. Kg3 Be5+ 43. Kh4 Qxe2 44. Qh3 Qe4+ 45. Kh5 Qg6+ 0-1

[Event "15th 4NCL Congress"]
[Site "Doncaster"]
[Date "2017.09.10"]
[Round "4.3"]
[White "Ruane, Brendan J"]
[Black "Whitehead, Mark A"]
[Result "0-1"]
[WhiteElo "1857"]
[BlackElo "1908"]
[PlyCount "90"]
[EventDate "2017.09.08"]

1. Nc3 c5 2. Nf3 Nc6 3. d4 cxd4 4. Nxd4 d6 5. g3 Bd7 6. Bg2 Nxd4 7. Qxd4 Bc6 8.
e4 Nf6 9. Bg5 e6 10. O-O-O h6 11. Bd2 Be7 12. Kb1 Qc7 13. Bc1 O-O 14. Rhe1 a6
15. f4 Rfd8 16. Qe3 Bf8 17. g4 Rac8 18. Qg3 b5 19. e5 Nd5 20. Ne4 dxe5 21. fxe5
b4 22. Bf1 Bb5 23. Bd3 Bxd3 24. cxd3 Qc2+ 25. Ka1 b3 26. Qf2 Qxf2 27. Nxf2 Nb4
28. Re4 Nxd3 29. Nxd3 Rxd3 30. Ree1 Rxd1 31. Rxd1 bxa2 32. Kxa2 g5 33. Bd2 Rd8
34. Kb3 Bg7 35. Kc2 Bxe5 36. Ra1 Rc8+ 37. Kb1 Rb8 38. Bc1 Rb6 39. h3 Bf4 40.
Ka2 Bxc1 41. Rxc1 f5 42. Ka3 f4 43. b4 e5 44. Rc5 Re6 45. Kb3 f3 0-1

[Event "15th 4NCL Congress"]
[Site "Doncaster"]
[Date "2017.09.10"]
[Round "4.4"]
[White "Pollock, Andy"]
[Black "Wilson, Kevin J"]
[Result "1/2-1/2"]
[WhiteElo "1964"]
[BlackElo "1859"]
[PlyCount "119"]
[EventDate "2017.09.08"]

1. d4 d5 2. Nf3 Nf6 3. e3 Bf5 4. Bd3 Bxd3 5. Qxd3 Nbd7 6. c4 e6 7. O-O Be7 8.
Nbd2 O-O 9. b3 c6 10. Bb2 Rc8 11. e4 Nxe4 12. Nxe4 dxe4 13. Qxe4 Bf6 14. Rad1
Qc7 15. Ne5 Nxe5 16. dxe5 Be7 17. Rd3 Rfd8 18. Rh3 h6 19. Bc1 c5 20. Bxh6 Rd4
21. Qe3 Bf8 22. Qg5 Qd8 23. Qxd8 Rcxd8 24. Bg5 R8d7 25. f3 Rd1 26. Rxd1 Rxd1+
27. Kf2 Ra1 28. f4 Rxa2+ 29. Kf1 Rd2 30. f5 Rd1+ 31. Ke2 Rd4 32. fxe6 fxe6 33.
Rd3 Rxd3 34. Kxd3 a6 35. Bd8 Kf7 36. Bb6 Ke8 37. g4 Be7 38. h4 Bxh4 39. Bxc5
Bg5 40. Bb4 Kd7 41. Bd6 Kc6 42. Bf8 g6 43. Bb4 b5 44. cxb5+ Kxb5 45. Bd6 Kc6
46. Ke4 Bd2 47. Kd3 Bc1 48. Kc4 Bf4 49. Bb8 Bd2 50. Bd6 Be3 51. Be7 Bc1 52. Bf8
Bb2 53. Bd6 Kb6 54. Kb4 Bc1 55. Kc4 Be3 56. Be7 Kc7 57. Bc5 Bf4 58. Bd4 Kc6 59.
Bc3 Be3 60. Bb4 1/2-1/2

[Event "15th 4NCL Congress"]
[Site "Doncaster"]
[Date "2017.09.10"]
[Round "4.5"]
[White "David, Ivan"]
[Black "Ter-Gevorkian, Aram"]
[Result "0-1"]
[WhiteElo "1857"]
[BlackElo "1922"]
[PlyCount "110"]
[EventDate "2017.09.08"]

1. c4 b6 2. Nc3 c5 3. Nf3 Bb7 4. d4 cxd4 5. Nxd4 Nf6 6. f3 Nc6 7. e4 g6 8. Be3
Bg7 9. Be2 O-O 10. O-O Rc8 11. Rc1 Nh5 12. Ndb5 a6 13. Na3 e5 14. Nc2 Nf4 15.
Nd5 Nxe2+ 16. Qxe2 Nd4 17. Qd3 b5 18. Nxd4 exd4 19. Bxd4 bxc4 20. Rxc4 Rxc4 21.
Qxc4 Bxd4+ 22. Qxd4 Bxd5 23. exd5 Qa5 24. a3 Re8 25. Kf2 Qc7 26. d6 Qc2+ 27.
Kg3 h5 28. h4 Re6 29. Rf2 Qf5 30. Rd2 g5 31. b4 gxh4+ 32. Qxh4 Qe5+ 33. Kh3 Rg6
34. g3 Qe1 35. Rg2 Qh1+ 36. Rh2 Qxf3 37. Qf4 Qd5 38. Rd2 Qh1+ 39. Rh2 Qd5 40.
Rd2 Qe6+ 41. Kh2 Rg4 42. Qf3 Qe5 43. Rf2 f5 44. Re2 Qxd6 45. Qc3 h4 46. Re8+
Kf7 47. Re3 Rxg3 48. Rxg3 Qxg3+ 49. Qxg3 hxg3+ 50. Kxg3 Ke6 51. a4 d5 52. Kf4
d4 53. Kf3 Kd5 54. b5 axb5 55. axb5 Kc5 0-1

[Event "15th 4NCL Congress"]
[Site "Doncaster"]
[Date "2017.09.10"]
[Round "4.6"]
[White "Hamilton, Douglas"]
[Black "Jacob, Sydney J"]
[Result "1/2-1/2"]
[WhiteElo "1893"]
[BlackElo "1838"]
[PlyCount "76"]
[EventDate "2017.09.08"]

1. c4 e5 2. g3 c6 3. d4 e4 4. f3 exf3 5. Nxf3 d5 6. Bg2 Bb4+ 7. Bd2 Bxd2+ 8.
Qxd2 Nf6 9. Nc3 O-O 10. O-O h6 11. Ne5 Be6 12. b3 dxc4 13. Nxc4 Nbd7 14. e4 Nb6
15. Ne3 Ng4 16. Nf5 Bxf5 17. Rxf5 g6 18. Rff1 Kg7 19. Rad1 Qg5 20. Qxg5 hxg5
21. Rfe1 f5 22. h3 Nf6 23. exf5 gxf5 24. Re5 Kg6 25. Rf1 Nh5 26. Kh2 Rae8 27.
Rfe1 Rxe5 28. Rxe5 Nf6 29. Re7 Rf7 30. Rxf7 Kxf7 31. h4 Ng4+ 32. Kg1 gxh4 33.
gxh4 Kg6 34. d5 Nxd5 35. Nxd5 cxd5 36. Bxd5 b6 37. Be6 Kh5 38. Bxf5 Kxh4
1/2-1/2

[Event "15th 4NCL Congress"]
[Site "Doncaster"]
[Date "2017.09.10"]
[Round "4.7"]
[White "Nwachukwu, Chino"]
[Black "Tamas, Szilard"]
[Result "0-1"]
[WhiteElo "1893"]
[BlackElo "1809"]
[PlyCount "128"]
[EventDate "2017.09.08"]

1. e4 c5 2. Nf3 e6 3. d4 cxd4 4. Nxd4 Nc6 5. a3 Qc7 6. Nb5 Qb8 7. N1c3 a6 8.
Nd4 Nf6 9. Be2 Bd6 10. Be3 h5 11. h3 b5 12. O-O Bb7 13. f4 Nxd4 14. Qxd4 e5 15.
Qd2 Nxe4 16. Nxe4 Bxe4 17. Rad1 exf4 18. Bxf4 Bxf4 19. Rxf4 Qb6+ 20. Kh1 d5 21.
Rdf1 f5 22. Rxe4+ dxe4 23. Qd5 Ra7 24. Qxf5 Kd8 25. Rd1+ Kc7 26. Qe5+ Kc8 27.
Bxh5 Rc7 28. Bg4+ Kb7 29. Qxe4+ Qc6 30. Qd3 Re8 31. Qd4 Qc5 32. Bf3+ Kb6 33.
Qf4 Re6 34. Rd8 Re1+ 35. Kh2 Qe5 36. Rd6+ Ka7 37. Qxe5 Rxe5 38. c3 Ree7 39. Rd2
Rcd7 40. Rc2 Kb6 41. h4 Rd8 42. a4 Re3 43. axb5 axb5 44. Kg3 Red3 45. c4 Rc8
46. Re2 bxc4 47. Kg4 Rc7 48. h5 Kc5 49. Kg5 Rd6 50. g4 Kb4 51. Be4 Re7 52. Kf4
Rde6 53. Re3 Rf6+ 54. Kg3 Rf1 55. g5 Rg1+ 56. Kf4 Rf1+ 57. Kg4 Rf2 58. h6 gxh6
59. gxh6 Rxb2 60. h7 Rh2 61. Kf3 Rh3+ 62. Kf2 Rh6 63. Ke2 Rh2+ 64. Kd1 Rhxh7
0-1